000
00342 a2200169 4500
001
13097
020
_a
9788526016804
040
_c
Anchieta - Aquarius
100
_a
França, Mary
240
1
0
_a
*Mariana
_l
por
245
1
0
_a
*Mariana
300
_a
16
362
0
_a
2012
440
1
_a
Global
650
4
_a
Literatura infantil
942
_c
BK
999
_c
13097
_d
13097